Phnom Penh - Choix Multiples - Statistiques

Statistiques générales
  • Ce quiz a été pris 56 fois
  • Le résultat moyen est 7 sur 10
Statistiques - réponses
Question Réponse % Correct
De quel pays Phnom Penh est-elle la capitale ? Le Cambodge
98%
Quelle est la principale religion pratiquée à Phnom Penh ? Le bouddhisme
90%
Qui a fait évacuer la ville, et est responsable de la mort d'une grande partie de sa population, entre 1975 et 1979 ? Les Khmers rouges
88%
Phnom Penh se trouve à la confluence du Tonlé Sap et de ce grand fleuve : Le Mékong
85%
A la chute de quel Empire Phnom Penh devient-elle la capitale du royaume du Cambodge ? L'Empire Khmer
79%
Quel pays l'ayant colonisé est responsable d'une partie de l'architecture caractéristique de Phnom Penh ? La France
77%
Quel est le nom du centre de détention et de torture installée dans la ville à cette époque, et transformé depuis en musée et mémorial ? S-21
60%
Quelle image représente le palais royal de Phnom Penh ?
58%
A cette époque, quel surnom était donné à Phnom Penh ? La perle de l'Asie
38%
Lequel de ces films, se déroulant en partie à Phnom Penh, ne traite pas de cette époque ? Diamond Island
37%
Aucun quiz correspondant
Distribution des résultats
% des personnes avec chaque résultat
Percentile par nombre de réponses
Votre historique - résultats
Vous n’avez pas pris ce quiz